<?xml version="1.0" encoding="UTF-8"?>
<collection xmlns="http://www.loc.gov/MARC21/slim">
    <record>
        <controlfield tag="001">46478</controlfield>
        <controlfield tag="005">20170831220540.0</controlfield>
        <datafield tag="037" ind1=" " ind2=" ">
            <subfield code="a">GDOC-2010-0935</subfield>
        </datafield>
        <datafield tag="041" ind1=" " ind2=" ">
            <subfield code="a">spa</subfield>
        </datafield>
        <datafield tag="100" ind1=" " ind2=" ">
            <subfield code="0">(orcid)0000-0002-1961-8551</subfield>
            <subfield code="a">Lorán Ayala, Susana</subfield>
        </datafield>
        <datafield tag="245" ind1="0" ind2="0">
            <subfield code="9">62017</subfield>
            <subfield code="a">Validación de técnicas analíticas aplicadas al control de calidad y seguridad alimentaria</subfield>
        </datafield>
        <datafield tag="260" ind1=" " ind2=" ">
            <subfield code="a">Zaragoza</subfield>
            <subfield code="b">Universidad de Zaragoza</subfield>
            <subfield code="c">2010-2011</subfield>
        </datafield>
        <datafield tag="520" ind1=" " ind2=" ">
            <subfield code="a">Con el fin de garantizar el cumplimiento de los requisitos relativos a la calidad y seguridad alimentarias, los laboratorios deben contar con métodos analíticos optimizados y fiables. El análisis se considera un proceso mediante el cual obtenemos información y, por tanto, se requiere una confianza en los resultados obtenidos. La validación de las metodologías analíticas, junto con otras actividades englobadas en el área de aseguramiento de la calidad, permite conseguir dicha calidad, otorgando la confianza necesaria en los resultados obtenidos, y posibilitando la comparación entre resultados de análisis independientes. Esta asignatura tiene como objetivo que el estudiante conozca una metodología de trabajo en el laboratorio y los parámetros necesarios para realizar una evaluación y validación de las metodologías analíticas utilizadas,  que le permitan obtener resultados fiables y de calidad. Se darán a conocer los fundamentos de las buenas prácticas de laboratorio, que son un conjunto de reglas, procedimientos operativos y prácticas establecidas y promulgadas por organismos competentes en la materia, que se consideran obligatorias para asegurar la calidad laboratorio, así como los procedimientos de validación de las metodologías analíticas empleadas.  </subfield>
        </datafield>
        <datafield tag="521" ind1=" " ind2=" ">
            <subfield code="9">625</subfield>
            <subfield code="a">Máster Universitario en Iniciación a la Investigación en Ciencia y Tecnología de los Alimentos</subfield>
        </datafield>
        <datafield tag="540" ind1=" " ind2=" ">
            <subfield code="a">by-nc-sa</subfield>
            <subfield code="b">Creative Commons</subfield>
            <subfield code="c">3.0</subfield>
            <subfield code="u">http://creativecommons.org/licenses/by-nc-sa/3.0/</subfield>
        </datafield>
        <datafield tag="700" ind1=" " ind2=" ">
            <subfield code="0">(orcid)0000-0002-1668-4940</subfield>
            <subfield code="a">Bayarri Fernández, Susana</subfield>
        </datafield>
        <datafield tag="830" ind1=" " ind2=" ">
            <subfield code="9">342</subfield>
        </datafield>
        <datafield tag="856" ind1="4" ind2=" ">
            <subfield code="s">85630</subfield>
            <subfield code="u">http://zaguan.unizar.es/record/46478/files/guia.pdf</subfield>
            <subfield code="y">Guía (idioma español)</subfield>
        </datafield>
        <datafield tag="980" ind1=" " ind2=" ">
            <subfield code="a">GDOC</subfield>
            <subfield code="b">Ciencias</subfield>
            <subfield code="c">105</subfield>
        </datafield>
    </record>

    
</collection>